English for the business world : (Record no. 8890)
[ view plain ]
| 000 -LEADER | |
|---|---|
| fixed length control field | 00693nam a22002293 4500 |
| 001 - CONTROL NUMBER | |
| JCCL Control Number | 8890 |
| 003 - CONTROL NUMBER IDENTIFIER | |
| JCCL marc code | BD - JhCC |
| 005 - DATE AND TIME OF LATEST TRANSACTION | |
| control field | 20180324191746.0 |
| 008 - FIXED-LENGTH DATA ELEMENTS--GENERAL INFORMATION | |
| fixed length control field | 970522s1949 xx 000 0 und d |
| 035 ## - SYSTEM CONTROL NUMBER | |
| system control number | (BD - JhCC)8890 |
| 040 ## - CATALOGING SOURCE | |
| Original cataloging agency | EQO |
| Transcribing agency | EQO |
| Modifying agency | BD-JhCC |
| 041 ## - LANGUAGE CODE | |
| Language code of Book | eng |
| 082 ## - DEWEY DECIMAL CLASSIFICATION NUMBER | |
| Author mark and Year | YOU 1949 |
| Classification number | 428.2441 |
| 100 1# - MAIN ENTRY--PERSONAL NAME | |
| Personal name | Youll, D. |
| 245 10 - TITLE STATEMENT | |
| Title | English for the business world : |
| Remainder of title | a practical class-book for secondary, technical and commercial students / |
| Statement of responsibility, etc | D. Youll, |
| 260 ## - PUBLICATION, DISTRIBUTION, ETC. (IMPRINT) | |
| Place of publication, distribution, etc | Edinb., |
| Date of publication, distribution, etc | [1949]. |
| Name of publisher, distributor, etc | Mcdougall's educational co. , |
| 300 ## - PHYSICAL DESCRIPTION | |
| Pagination | 112 p. : |
| Dimensions | 21 cm. |
| 650 ## - SUBJECT ADDED ENTRY--TOPICAL TERM | |
| Topical term or geographic name as entry element | English language--Business English |
| 650 ## - SUBJECT ADDED ENTRY--TOPICAL TERM | |
| Topical term or geographic name as entry element | Commercial correspondence |
| 942 ## - ADDED ENTRY ELEMENTS (KOHA) | |
| Source of classification or shelving scheme | Dewey Decimal Classification |
| Koha item type | Books |
| Source of classification or shelving scheme | Damaged status | Not for loan | Home library | Current library | Shelving location | Total Checkouts | Full call number | Barcode | Date last seen | Copy number | Koha item type | Date of accession |
|---|---|---|---|---|---|---|---|---|---|---|---|---|
| Dewey Decimal Classification | JCC Rouf Library | JCC Rouf Library | General Stacks | 428.2441 YOU 1949 | 11415 | 03/05/2018 | C - 1 | Books | ||||
| Dewey Decimal Classification | JCC Rouf Library | JCC Rouf Library | General Stacks | 428.2441 YOU 1949 | 11461 | 03/24/2018 | C - 2 | Books | 03/24/2018 |